[Event "Chess Stars 5.0 Blitz"]
[Site "Moscow RUS"]
[Date "2025.06.30"]
[Round "14.2"]
[White "Tomashevsky, Evgeny"]
[Black "Radjabov, Teimour"]
[Result "1/2-1/2"]
[WhiteTitle "GM"]
[BlackTitle "GM"]
[WhiteElo "2681"]
[BlackElo "2692"]
[WhiteFideId "4147235"]
[BlackFideId "13400924"]
[EventDate "2025.06.29"]

1. e4 d5 2. exd5 Qxd5 3. Nc3 Qa5 4. d4 Nf6 5. Bc4 Bf5 6. Nf3 e6 7. Qe2 Bb4 8.
O-O O-O 9. Bd2 Nbd7 10. a3 Bxc3 11. Bxc3 Qb6 12. Nh4 Be4 13. Rfe1 Rfe8 14. Rad1
Rad8 15. b3 a6 16. Bb2 Qc6 17. f3 Bd5 18. Bd3 Qd6 19. c4 Bc6 20. Qe3 h6 21. f4
b5 22. Rf1 bxc4 23. bxc4 Rb8 24. Qc1 Rb3 25. Bc2 Rbb8 26. Bc3 Be4 27. Ba4 Red8
28. Nf3 c5 29. Ne5 Qc7 30. Qe3 Nb6 31. Ba5 Rdc8 32. dxc5 Ng4 33. Nxg4 Qxc5 34.
Qxc5 Rxc5 35. Bxb6 Rxb6 36. Rfe1 Rxc4 37. Rxe4 Rxe4 38. Rd8+ Kh7 39. Bc2 f5 40.
Bxe4 fxe4 41. Rd4 Kg6 42. Rxe4 Kf5 43. Ra4 Kxg4 44. Kf2 Rb2+ 45. Kf1 Rb1+ 46.
Kf2 Rb2+ 47. Kf1 Rb6 48. Kf2 Rb2+ 1/2-1/2

[Event "Chess Stars 5.0 Blitz"]
[Site "Moscow RUS"]
[Date "2025.06.30"]
[Round "14.3"]
[White "Assaubayeva, Bibisara"]
[Black "Sadhwani, Raunak"]
[Result "0-1"]
[WhiteTitle "IM"]
[BlackTitle "GM"]
[WhiteElo "2509"]
[BlackElo "2672"]
[WhiteFideId "13708694"]
[BlackFideId "35093487"]
[EventDate "2025.06.29"]

1. e4 c5 2. Nf3 Nc6 3. Nc3 d6 4. d4 cxd4 5. Nxd4 Nf6 6. Bg5 e6 7. Qd3 Bd7 8.
Ndb5 Nb4 9. Qd1 Qb8 10. a3 Nc6 11. Bxf6 gxf6 12. Qd2 a6 13. Nd4 h5 14. Nxc6 bxc6
15. O-O-O d5 16. f4 Qb7 17. Qd4 Rb8 18. Nb1 e5 19. fxe5 c5 20. Qc3 d4 21. Qb3
Qc7 22. Qa2 fxe5 23. Bc4 Bg4 24. Rdf1 Bh6+ 25. Nd2 Qe7 26. h3 Bxd2+ 27. Kxd2
Qg5+ 0-1

[Event "Chess Stars 5.0 Blitz"]
[Site "Moscow RUS"]
[Date "2025.06.30"]
[Round "14.4"]
[White "Lagno, Kateryna"]
[Black "Hou, Yifan"]
[Result "0-1"]
[WhiteTitle "GM"]
[BlackTitle "GM"]
[WhiteElo "2515"]
[BlackElo "2633"]
[WhiteFideId "14109336"]
[BlackFideId "8602980"]
[EventDate "2025.06.29"]

1. e4 c5 2. Nf3 d6 3. Nc3 a6 4. a4 e6 5. d4 cxd4 6. Nxd4 Nf6 7. Be2 Qc7 8. O-O
b6 9. f4 Bb7 10. Bf3 Nbd7 11. Qe2 Rc8 12. Be3 Be7 13. f5 e5 14. Nb3 O-O 15. Rad1
Qb8 16. Nd2 Qa8 17. Bf2 Rfe8 18. Nc4 Qb8 19. Nd2 d5 20. exd5 Bb4 21. Nde4 Bxc3
22. bxc3 Nxd5 23. c4 N5f6 24. Nd6 e4 25. Nxe8 Rxe8 26. Bg4 Qc7 27. Bh3 Qc6 28.
Bg3 h6 29. Rd6 Qc5+ 30. Kh1 Rc8 31. Rfd1 Bc6 32. Bf2 Qb4 33. Bh4 Bxa4 34. Bxf6
Nxf6 35. Rxf6 gxf6 36. Qxe4 Qxc4 37. Qe7 Bxc2 38. Re1 Kg7 39. Re3 Bd3 40. Rg3+
Kh7 41. Re3 Qc1+ 42. Re1 Qc4 43. Qxf6 Re8 44. Rg1 Qd5 45. Qc3 a5 46. f6 Bg6 47.
Bg4 Qe5 48. Qc6 b5 49. Bf3 Re6 50. Qa8 a4 51. Rf1 Rxf6 52. h3 Bd3 53. Rc1 Bg6
54. Rc8 Rd6 55. Rc1 Qe3 56. Rf1 Qe5 57. Rc1 Qf4 58. Re1 Re6 59. Rd1 Qg3 60. Qa5
a3 61. Qxa3 Re1+ 62. Rxe1 Qxe1+ 63. Kh2 b4 64. Qb2 Qc3 65. Qe2 b3 66. Kh1 b2 67.
Be4 Qc1+ 68. Kh2 Qf4+ 0-1

[Event "Chess Stars 5.0 Blitz"]
[Site "Moscow RUS"]
[Date "2025.06.30"]
[Round "14.5"]
[White "Goryachkina, Aleksandra"]
[Black "Karjakin, Sergey"]
[Result "0-1"]
[WhiteTitle "GM"]
[BlackTitle "GM"]
[WhiteElo "2533"]
[BlackElo "2750"]
[WhiteFideId "4147103"]
[BlackFideId "14109603"]
[EventDate "2025.06.29"]

1. e4 c5 2. Nf3 d6 3. d4 cxd4 4. Nxd4 Nf6 5. Nc3 a6 6. Be3 e5 7. Nf3 Be7 8. Bc4
O-O 9. O-O Qc7 10. Bb3 Be6 11. h3 Re8 12. Re1 Nbd7 13. Nh4 g6 14. Nf3 Rac8 15.
Ng5 Bc4 16. Qd2 b5 17. Rad1 b4 18. Ne2 Bxb3 19. cxb3 h6 20. Nf3 Nxe4 21. Qd3
Ndc5 22. Qc4 Nf6 23. Bxh6 e4 24. Nfd4 d5 25. Qc1 Nd3 26. Qxc7 Rxc7 27. Rf1 Nxb2
28. Rc1 Rec8 29. Rxc7 Rxc7 30. Nf4 Bc5 31. Nde2 Ba7 32. Bg5 Nh7 33. Nxd5 Rc2 34.
Bc1 Rxe2 35. Nxb4 Nd3 36. Nxa6 Bxf2+ 37. Kh1 Nxc1 38. Rxc1 Rxa2 0-1

[Event "Chess Stars 5.0 Blitz"]
[Site "Moscow RUS"]
[Date "2025.06.30"]
[Round "15.1"]
[White "Goryachkina, Aleksandra"]
[Black "Gunina, Valentina"]
[Result "1-0"]
[WhiteTitle "GM"]
[BlackTitle "GM"]
[WhiteElo "2533"]
[BlackElo "2416"]
[WhiteFideId "4147103"]
[BlackFideId "4167570"]
[EventDate "2025.06.29"]

1. d4 Nf6 2. c4 e6 3. Nf3 b6 4. g3 Bb7 5. Bg2 Bb4+ 6. Bd2 a5 7. O-O O-O 8. Nc3
d6 9. Rc1 Nbd7 10. Nb5 Bxd2 11. Qxd2 Ne4 12. Qc2 f5 13. b3 Ndf6 14. d5 e5 15.
Nd2 Nxd2 16. Qxd2 Bc8 17. a3 Bd7 18. Nc3 Nh5 19. b4 Qf6 20. c5 axb4 21. axb4
bxc5 22. bxc5 f4 23. Ne4 Qg6 24. cxd6 cxd6 25. Qb4 Ra2 26. Qxd6 Qxd6 27. Nxd6
fxg3 28. fxg3 Rxf1+ 29. Bxf1 Nf6 30. Nc4 Ra5 31. Nxa5 1-0

[Event "Chess Stars 5.0 Blitz"]
[Site "Moscow RUS"]
[Date "2025.06.30"]
[Round "15.2"]
[White "Karjakin, Sergey"]
[Black "Lagno, Kateryna"]
[Result "1/2-1/2"]
[WhiteTitle "GM"]
[BlackTitle "GM"]
[WhiteElo "2750"]
[BlackElo "2515"]
[WhiteFideId "14109603"]
[BlackFideId "14109336"]
[EventDate "2025.06.29"]

1. e4 e5 2. Nf3 Nc6 3. Bc4 Nf6 4. d3 d5 5. exd5 Nxd5 6. O-O Nb6 7. Bb3 Bg4 8. h3
Bh5 9. Re1 Qe7 10. Be3 O-O-O 11. Nbd2 f6 12. a4 Nd5 13. a5 a6 14. Ne4 Nxe3 15.
fxe3 g5 16. Ng3 Bg6 17. e4 Qd7 18. Ba4 Bc5+ 19. Kh2 h5 20. Nf1 g4 21. Nh4 Bf7
22. Nf5 gxh3 23. g3 Be6 24. N1e3 Rdg8 25. Qf3 Kb8 26. Rf1 Nd4 27. Bxd7 Nxf3+ 28.
Rxf3 Bxd7 29. Nd5 Rg5 30. Nxf6 Be6 31. Raf1 Bb4 32. Nd5 Bxa5 33. Nfe3 c6 34.
Rf8+ Rxf8 35. Rxf8+ Ka7 36. Nf6 Bb6 37. Nf1 h4 38. g4 Bxg4 39. Nxg4 Rxg4 40.
Kxh3 Rg1 41. Rf5 Rh1+ 42. Kg2 Rg1+ 43. Kh3 Rh1+ 1/2-1/2

[Event "Chess Stars 5.0 Blitz"]
[Site "Moscow RUS"]
[Date "2025.06.30"]
[Round "15.3"]
[White "Hou, Yifan"]
[Black "Assaubayeva, Bibisara"]
[Result "1-0"]
[WhiteTitle "GM"]
[BlackTitle "IM"]
[WhiteElo "2633"]
[BlackElo "2509"]
[WhiteFideId "8602980"]
[BlackFideId "13708694"]
[EventDate "2025.06.29"]

1. e4 c5 2. Nf3 d6 3. d4 cxd4 4. Nxd4 Nf6 5. Nc3 a6 6. a4 e5 7. Nf3 Be7 8. Bg5
Be6 9. Bxf6 Bxf6 10. Nd5 Nd7 11. Bc4 Rc8 12. Qe2 Nb6 13. Nxf6+ Qxf6 14. Bxe6
Qxe6 15. a5 Nd7 16. b3 O-O 17. O-O Rc3 18. Rfd1 Rfc8 19. Rd2 Nf6 20. Rad1 Ne8
21. h3 h6 22. Nh4 g6 23. Nf3 Kg7 24. Nh2 R8c5 25. Ra1 Nf6 26. Ng4 Nxg4 27. hxg4
d5 28. exd5 Rxd5 29. Rad1 Rxd2 30. Rxd2 e4 31. Rd4 e3 32. f3 Qe5 33. Rd3 Rxd3
34. cxd3 Qd4 35. g3 g5 36. Kg2 Kf6 37. Qc2 Qb4 38. Kf1 Qxa5 39. Ke2 Qe5 40. Qc8
Qe7 41. Qf5+ Kg7 42. d4 b6 43. Qd3 a5 44. d5 Qd6 45. Qd4+ f6 46. Kxe3 Kf7 47.
Qc4 Ke7 48. Qe4+ Qe5 49. Kd3 Kd6 50. Kc4 Qb2 51. Qe6+ Kc7 52. Qc6+ Kd8 53. Qxb6+
Ke8 54. Qe6+ Kd8 55. d6 Qc2+ 56. Kb5 Qd3+ 57. Kxa5 Qd2+ 58. b4 1-0

[Event "Chess Stars 5.0 Blitz"]
[Site "Moscow RUS"]
[Date "2025.06.30"]
[Round "15.4"]
[White "Sadhwani, Raunak"]
[Black "Tomashevsky, Evgeny"]
[Result "1-0"]
[WhiteTitle "GM"]
[BlackTitle "GM"]
[WhiteElo "2672"]
[BlackElo "2681"]
[WhiteFideId "35093487"]
[BlackFideId "4147235"]
[EventDate "2025.06.29"]

1. c4 Nf6 2. Nc3 e5 3. Nf3 Nc6 4. g3 d5 5. cxd5 Nxd5 6. Bg2 Bc5 7. O-O O-O 8. d3
h6 9. Na4 Bb6 10. Bd2 Re8 11. Rc1 Bf5 12. e4 Bg4 13. exd5 Nd4 14. Be3 Qxd5 15.
Nxd4 Bxd1 16. Bxd5 Bxa4 17. Nf5 Rad8 18. Bxb7 Rxd3 19. Bc6 Bxc6 20. Rxc6 h5 21.
Rfc1 g6 22. Bxb6 cxb6 23. Rc8 Kf8 24. Ne3 Rd2 25. Rxe8+ Kxe8 26. Rc7 Rxb2 27.
Rxa7 b5 28. h4 Kf8 29. Nd5 Kg7 30. Nc7 Kf6 31. Ra6+ Kf5 32. a3 Kg4 33. Kg2 g5
34. hxg5 Kxg5 35. Ra5 f6 36. Rxb5 Ra2 37. Rb3 h4 38. gxh4+ Kxh4 39. Nd5 f5 40.
Rh3+ Kg5 41. Rg3+ Kh6 42. Ne7 f4 43. Rg6+ Kh5 44. Re6 Kg4 45. Rxe5 f3+ 46. Kg1
Rxa3 47. Kh2 Kf4 48. Ng6+ Kg4 49. Re8 Rb3 50. Ne5+ Kf4 51. Kh3 Rc3 52. Ng6+ Kg5
53. Nh4 1-0

[Event "Chess Stars 5.0 Blitz"]
[Site "Moscow RUS"]
[Date "2025.06.30"]
[Round "15.5"]
[White "Radjabov, Teimour"]
[Black "Artemiev, Vladislav"]
[Result "0-1"]
[WhiteTitle "GM"]
[BlackTitle "GM"]
[WhiteElo "2692"]
[BlackElo "2676"]
[WhiteFideId "13400924"]
[BlackFideId "24101605"]
[EventDate "2025.06.29"]

1. e4 e5 2. Nf3 Nc6 3. Bc4 Nf6 4. d3 Be7 5. O-O O-O 6. Bb3 d5 7. exd5 Nxd5 8.
Nc3 Nxc3 9. bxc3 Bf6 10. Nd2 Na5 11. Ba4 Bd7 12. Bxd7 Qxd7 13. Re1 Nc6 14. Rb1
b6 15. Qf3 Rae8 16. Nc4 e4 17. dxe4 Qe6 18. Na3 Qxa2 19. h3 Be7 20. c4 Nd4 21.
Qc3 Bxa3 22. Ra1 Qxc2 23. Qxa3 Qxc4 24. Qxa7 Nc2 25. Ra4 Qc6 26. Re2 Ra8 27.
Rxc2 Rxa7 28. Rxc6 Rxa4 29. Rxc7 Rxe4 30. Be3 Rb4 31. Rb7 b5 32. g4 h6 33. Kg2
Rc8 34. Kf3 Rb1 0-1

[Event "Chess Stars 5.0 Blitz"]
[Site "Moscow RUS"]
[Date "2025.06.30"]
[Round "16.1"]
[White "Gunina, Valentina"]
[Black "Radjabov, Teimour"]
[Result "0-1"]
[WhiteTitle "GM"]
[BlackTitle "GM"]
[WhiteElo "2416"]
[BlackElo "2692"]
[WhiteFideId "4167570"]
[BlackFideId "13400924"]
[EventDate "2025.06.29"]

1. d4 Nf6 2. c4 e6 3. Nf3 d5 4. Nc3 Be7 5. Bf4 O-O 6. e3 c5 7. dxc5 Bxc5 8. Qc2
Nc6 9. Rd1 h6 10. Be2 Qe7 11. cxd5 Nxd5 12. O-O Nxf4 13. exf4 b6 14. Ne4 Bb7 15.
Nxc5 bxc5 16. Qc3 Rac8 17. a3 Ba8 18. Rfe1 Rfd8 19. Rxd8+ Rxd8 20. Bf1 Qb7 21.
Nd2 Rb8 22. Nc4 Nd4 23. f3 Qc7 24. Qe3 Rb3 25. Qe5 Qxe5 26. fxe5 Bd5 27. Rc1 g5
28. Kf2 Bxc4 29. Rxc4 Rxb2+ 30. Kg1 Rc2 31. Ra4 Kg7 32. Rxa7 c4 33. Rd7 Nf5 34.
Rc7 Ne3 35. a4 Rc1 36. Kf2 Nxf1 37. a5 Nd2 38. a6 Ra1 39. Ke3 Nb3 40. Rxc4 Rxa6
41. h4 Ra3 42. hxg5 hxg5 43. Kf2 Ra2+ 44. Kg3 Nd2 45. Kh3 Nxc4 0-1

[Event "Chess Stars 5.0 Blitz"]
[Site "Moscow RUS"]
[Date "2025.06.30"]
[Round "16.2"]
[White "Artemiev, Vladislav"]
[Black "Sadhwani, Raunak"]
[Result "1/2-1/2"]
[WhiteTitle "GM"]
[BlackTitle "GM"]
[WhiteElo "2676"]
[BlackElo "2672"]
[WhiteFideId "24101605"]
[BlackFideId "35093487"]
[EventDate "2025.06.29"]

1. d4 Nf6 2. Nf3 d5 3. c4 e6 4. Nc3 c5 5. cxd5 cxd4 6. Qxd4 exd5 7. Bg5 Be7 8.
Qd2 O-O 9. Bxf6 Bxf6 10. Nxd5 Bxb2 11. Rd1 Ba3 12. g3 Be6 13. Bg2 Bxd5 14. O-O
Nc6 15. Qxd5 Qxd5 16. Rxd5 Rad8 17. Rb5 b6 18. e3 Rfe8 19. Rbb1 Bc5 20. Rfd1
Rxd1+ 21. Rxd1 Rd8 22. Rxd8+ Nxd8 23. Kf1 Kf8 24. Ke2 Ke7 25. Ne5 Bd6 26. Nd3
Ne6 27. f4 f5 28. h3 g5 29. Bd5 h6 30. Kf3 Kf6 31. Bc6 Nd8 32. Bd5 Ne6 33. Bc4
Nc7 34. Nf2 Ne6 35. Bd3 Nc5 36. Bc2 Ne6 37. Nd1 gxf4 38. gxf4 Bxf4 39. Nc3 Bd6
40. Nb5 Bb8 41. h4 a6 42. Nc3 Ke5 43. Ne2 Kf6 44. a4 f4 45. exf4 Bxf4 46. Nxf4
Nd4+ 47. Kg4 Nxc2 48. Nd5+ Kg6 49. h5+ Kf7 50. Nxb6 Ke6 51. Nc4 Kd5 52. Nb6+ Ke4
53. Nd7 Ne3+ 54. Kg3 Kf5 55. Nc5 a5 56. Nb7 Nc4 57. Kh4 Kf4 58. Nd8 Ne5 59. Ne6+
Kf5 60. Nd4+ Kf4 61. Nb3 Nc4 62. Nc5 Kf5 63. Nb3 Ke5 1/2-1/2

[Event "Chess Stars 5.0 Blitz"]
[Site "Moscow RUS"]
[Date "2025.06.30"]
[Round "16.3"]
[White "Tomashevsky, Evgeny"]
[Black "Hou, Yifan"]
[Result "1/2-1/2"]
[WhiteTitle "GM"]
[BlackTitle "GM"]
[WhiteElo "2681"]
[BlackElo "2633"]
[WhiteFideId "4147235"]
[BlackFideId "8602980"]
[EventDate "2025.06.29"]

1. c4 e6 2. Nc3 d5 3. d4 a6 4. cxd5 exd5 5. Nf3 Nf6 6. Bg5 Be6 7. e3 Nbd7 8. Bd3
c6 9. Qc2 Bd6 10. Bf4 Qc7 11. Bxd6 Qxd6 12. O-O O-O 13. h3 Qe7 14. Rab1 1/2-1/2

[Event "Chess Stars 5.0 Blitz"]
[Site "Moscow RUS"]
[Date "2025.06.30"]
[Round "16.4"]
[White "Assaubayeva, Bibisara"]
[Black "Karjakin, Sergey"]
[Result "0-1"]
[WhiteTitle "IM"]
[BlackTitle "GM"]
[WhiteElo "2509"]
[BlackElo "2750"]
[WhiteFideId "13708694"]
[BlackFideId "14109603"]
[EventDate "2025.06.29"]

1. e4 e5 2. Nf3 Nc6 3. Nc3 Nf6 4. Nd5 Bc5 5. c3 O-O 6. b4 Bd6 7. Nxf6+ Qxf6 8.
Bc4 Re8 9. O-O Bf8 10. Re1 d6 11. h3 h6 12. d4 exd4 13. cxd4 Nxb4 14. Bb2 d5 15.
exd5 Rxe1+ 16. Nxe1 Bd7 17. Qb3 b5 18. Be2 Re8 19. Bf3 a5 20. a3 Na6 21. Nd3 a4
22. Qd1 Bf5 23. Ne5 Rb8 24. Rc1 Bd6 25. Rc6 Rb6 26. Rc1 b4 27. Qxa4 Kh7 28. axb4
Nxb4 29. Bc3 Nd3 30. Nxd3 Bxd3 31. Qd1 Bg6 32. Ba5 Rb7 33. Qe1 Qf4 34. Bd2 Qh2+ 0-1

[Event "Chess Stars 5.0 Blitz"]
[Site "Moscow RUS"]
[Date "2025.06.30"]
[Round "16.5"]
[White "Lagno, Kateryna"]
[Black "Goryachkina, Aleksandra"]
[Result "1/2-1/2"]
[WhiteTitle "GM"]
[BlackTitle "GM"]
[WhiteElo "2515"]
[BlackElo "2533"]
[WhiteFideId "14109336"]
[BlackFideId "4147103"]
[EventDate "2025.06.29"]

1. e4 c5 2. Nf3 Nc6 3. d4 cxd4 4. Nxd4 Nf6 5. Nc3 d6 6. Bg5 g6 7. Bxf6 exf6 8.
Bb5 Bd7 9. O-O Bg7 10. Nf3 Be6 11. Nd5 O-O 12. c3 f5 13. exf5 Bxf5 14. Ne3 Be6
15. Nd5 Ne5 16. Be2 Rc8 17. Nf4 Bf5 18. Nd4 Be4 19. f3 Bc6 20. Kh1 Qh4 21. Nh3
Rfd8 22. Qe1 Qf6 23. Rd1 1/2-1/2

[Event "Chess Stars 5.0 Blitz"]
[Site "Moscow RUS"]
[Date "2025.06.30"]
[Round "17.1"]
[White "Lagno, Kateryna"]
[Black "Gunina, Valentina"]
[Result "1-0"]
[WhiteTitle "GM"]
[BlackTitle "GM"]
[WhiteElo "2515"]
[BlackElo "2416"]
[WhiteFideId "14109336"]
[BlackFideId "4167570"]
[EventDate "2025.06.29"]

1. e4 c5 2. Nf3 Nc6 3. d4 cxd4 4. Nxd4 e5 5. Nb5 d6 6. c4 g6 7. Be2 a6 8. N5c3
Nf6 9. Be3 Bg7 10. O-O O-O 11. h3 Be6 12. Qd2 Nd7 13. Na3 Nd4 14. Rfd1 Rc8 15.
Rac1 f5 16. exf5 Nxf5 17. Bf3 Qh4 18. Bxb7 Rb8 19. Bd5 Bxd5 20. Nxd5 e4 21. b3
Ne5 22. Bg5 Qh5 23. Ne7+ Nxe7 24. Bxe7 Rf7 25. Qg5 Qxg5 26. Bxg5 Nd3 27. Rc2 Bd4
28. Be3 Bxe3 29. fxe3 Rbf8 30. Nb1 g5 31. Nc3 Nc5 32. b4 Nd3 33. a3 Re7 34. Nxe4
Nxb4 35. axb4 Rxe4 36. Rxd6 Rxe3 37. Rxa6 Re1+ 38. Kh2 Rff1 39. c5 h5 40. Rg6+
Kf7 41. Rxg5 h4 42. g4 Rh1+ 43. Kg2 Reg1+ 44. Kf2 Rg3 45. Rf5+ Kg6 46. Re2 Ra3
47. Rf3 Rh2+ 48. Kg1 Rxe2 49. Rxa3 Rb2 50. Rc3 Rxb4 51. c6 Rb8 52. c7 Rc8 53.
Kf2 1-0

[Event "Chess Stars 5.0 Blitz"]
[Site "Moscow RUS"]
[Date "2025.06.30"]
[Round "17.2"]
[White "Goryachkina, Aleksandra"]
[Black "Assaubayeva, Bibisara"]
[Result "1/2-1/2"]
[WhiteTitle "GM"]
[BlackTitle "IM"]
[WhiteElo "2533"]
[BlackElo "2509"]
[WhiteFideId "4147103"]
[BlackFideId "13708694"]
[EventDate "2025.06.29"]

1. e4 c5 2. Nf3 d6 3. Bb5+ Nd7 4. O-O a6 5. Bd3 Ngf6 6. c3 e6 7. Bc2 Be7 8. d4
O-O 9. Re1 e5 10. dxe5 Nxe5 11. Nxe5 dxe5 12. a4 Be6 13. Nd2 b5 14. Nf1 Qc7 15.
h3 c4 16. Qf3 Nd7 17. Ng3 Nc5 18. Nf5 Bxf5 19. exf5 Rad8 20. axb5 axb5 21. Qg3
Bf6 22. Be3 Nd3 23. Reb1 Ra8 24. Rxa8 Rxa8 25. Qf3 Rd8 26. Qe4 Nc5 27. Bxc5 Qxc5
28. Rd1 Rxd1+ 29. Bxd1 g6 30. Bf3 Kg7 31. g3 Be7 32. Kg2 b4 33. fxg6 hxg6 34.
Qd5 Qxd5 35. Bxd5 bxc3 36. bxc3 Bd8 37. Bxc4 Ba5 1/2-1/2

[Event "Chess Stars 5.0 Blitz"]
[Site "Moscow RUS"]
[Date "2025.06.30"]
[Round "17.3"]
[White "Karjakin, Sergey"]
[Black "Tomashevsky, Evgeny"]
[Result "1/2-1/2"]
[WhiteTitle "GM"]
[BlackTitle "GM"]
[WhiteElo "2750"]
[BlackElo "2681"]
[WhiteFideId "14109603"]
[BlackFideId "4147235"]
[EventDate "2025.06.29"]

1. e4 e5 2. Nf3 Nc6 3. Bb5 a6 4. Ba4 Nf6 5. O-O Be7 6. Bxc6 dxc6 7. d3 Nd7 8.
Nbd2 O-O 9. Nc4 f6 10. Nh4 g6 11. Kh1 Nc5 12. Nf3 Ne6 13. Ng1 c5 14. a4 b6 15.
Ne2 Bb7 16. f4 exf4 17. Nxf4 Ng7 18. b3 f5 19. Bb2 Bf6 20. e5 Bg5 21. e6 Bxf4
22. Bxg7 Kxg7 23. Rxf4 Qd5 24. Qd2 Rae8 25. Rf2 Rxe6 26. Qf4 Rf7 27. Raf1 Qd4
28. Kg1 Rfe7 29. Qxd4+ cxd4 30. h3 Bd5 31. Rf4 c5 32. R4f2 Bxc4 33. bxc4 a5 34.
g3 Re2 35. Kg2 Kf6 36. Rb1 Rxf2+ 37. Kxf2 Re6 38. h4 h6 39. Kf3 g5 40. hxg5+
hxg5 41. Rh1 g4+ 42. Kf2 Kg5 43. Rh8 Rh6 44. Rg8+ Kf6 45. Kg2 Ke5 46. Rf8 Rf6
47. Rg8 Re6 48. Kf2 Kf6 49. Rf8+ Kg6 50. Rg8+ Kf7 51. Rb8 Kg6 52. Rg8+ Kf6 53.
Rf8+ Ke5 54. Rg8 Rf6 55. Kg2 Kd6 56. Rd8+ Ke7 57. Rb8 Re6 58. Kf2 Kf7 59. Rc8
Kg6 60. Rf8 Kg5 61. Rg8+ Rg6 62. Rf8 Rf6 63. Rg8+ Kh5 64. Rh8+ Kg6 65. Rg8+ Kh7
66. Rb8 Kg7 67. Kg2 Kf7 68. Rb7+ Kg6 69. Rb8 Re6 70. Kf2 Kg5 1/2-1/2

[Event "Chess Stars 5.0 Blitz"]
[Site "Moscow RUS"]
[Date "2025.06.30"]
[Round "17.4"]
[White "Hou, Yifan"]
[Black "Artemiev, Vladislav"]
[Result "0-1"]
[WhiteTitle "GM"]
[BlackTitle "GM"]
[WhiteElo "2633"]
[BlackElo "2676"]
[WhiteFideId "8602980"]
[BlackFideId "24101605"]
[EventDate "2025.06.29"]

1. e4 c5 2. Nf3 e6 3. d4 cxd4 4. Nxd4 Nc6 5. Nc3 Qc7 6. Be3 a6 7. Be2 b5 8. Nxc6
Qxc6 9. a3 Bb7 10. Bf3 Qc7 11. e5 Ne7 12. Be4 Ng6 13. f4 b4 14. axb4 Bxb4 15.
Bxb7 Qxb7 16. O-O Bxc3 17. bxc3 O-O 18. c4 Rfc8 19. Qd3 Nh4 20. Rf2 Nf5 21. c5
a5 22. Rd2 Nxe3 23. Qxe3 h6 24. Qd4 Ra7 25. Rd3 Qc6 26. Rc3 a4 27. Raa3 Ra5 28.
Rc4 Rxc5 29. Rxc5 Qxc5 30. Qxc5 Rxc5 31. Rxa4 Rxc2 32. Ra8+ Kh7 33. Rd8 Rd2 34.
h3 g5 35. fxg5 hxg5 36. Kh2 Kg6 37. Kg3 f6 38. exf6 Kxf6 39. Rf8+ Kg7 40. Rd8 d5
41. Kf3 Kf6 42. g3 Rd4 43. Rf8+ Kg7 44. Re8 Kf7 45. Rd8 Rb4 46. Rc8 Ra4 47. Rd8
Kg7 48. Re8 Kf7 49. Rd8 Rc4 50. Ra8 e5 51. Ra6 Rb4 52. Rd6 Rb3+ 53. Kg4 d4 54.
Kf5 Re3 55. g4 d3 56. Kxg5 Rxh3 57. Kf5 Re3 58. g5 Ke7 59. Rd5 e4 60. g6 Re1 61.
g7 Kf7 62. Rd7+ Kg8 63. Kf6 Rf1+ 64. Kg6 Rg1+ 65. Kf6 Kh7 66. Kf5 Rxg7 67. Rd4
Re7 68. Kf6 Re8 69. Kf5 e3 0-1

[Event "Chess Stars 5.0 Blitz"]
[Site "Moscow RUS"]
[Date "2025.06.30"]
[Round "17.5"]
[White "Sadhwani, Raunak"]
[Black "Radjabov, Teimour"]
[Result "1/2-1/2"]
[WhiteTitle "GM"]
[BlackTitle "GM"]
[WhiteElo "2672"]
[BlackElo "2692"]
[WhiteFideId "35093487"]
[BlackFideId "13400924"]
[EventDate "2025.06.29"]

1. c4 Nf6 2. Nc3 e5 3. Nf3 Nc6 4. g3 d5 5. cxd5 Nxd5 6. Bg2 Bc5 7. O-O O-O 8. d3
Nxc3 9. bxc3 h6 10. Rb1 Re8 11. Nd2 Bb6 12. a4 Be6 13. Ba3 Qd7 14. Qc2 Rad8 15.
Rb5 a6 16. Rbb1 Rb8 17. Rfd1 Ba7 18. Ne4 Bd5 19. c4 Nd4 20. Qb2 Bxe4 21. Bxe4
Qxa4 22. Bb4 Qd7 23. e3 Nc6 24. Bc3 Qd6 25. Qa1 Nd8 26. Kg2 c6 27. h4 Rc8 28.
Re1 Rc7 29. Re2 Qe6 30. Bf3 Rd7 31. Rd2 Qf5 32. Be4 Qe6 33. Bf3 Qf5 34. Be4 1/2-1/2

[Event "Chess Stars 5.0 Blitz"]
[Site "Moscow RUS"]
[Date "2025.06.30"]
[Round "18.1"]
[White "Gunina, Valentina"]
[Black "Sadhwani, Raunak"]
[Result "0-1"]
[WhiteTitle "GM"]
[BlackTitle "GM"]
[WhiteElo "2416"]
[BlackElo "2672"]
[WhiteFideId "4167570"]
[BlackFideId "35093487"]
[EventDate "2025.06.29"]

1. d4 Nf6 2. c4 e6 3. Nf3 b6 4. g3 Bb7 5. Bg2 Be7 6. O-O O-O 7. Nc3 Ne4 8. Bd2
Nxd2 9. Qxd2 d6 10. e4 a6 11. Rfe1 Nd7 12. a4 c6 13. h4 h6 14. b3 Qc7 15. Rac1
Rae8 16. Bh3 Bf6 17. Rcd1 Bc8 18. Kh2 Kh7 19. Ne2 g6 20. Nf4 Bg7 21. Nd3 Kg8 22.
Qf4 e5 23. dxe5 dxe5 24. Qe3 f5 25. Nc1 Nf6 26. exf5 gxf5 27. Ne2 f4 28. Qc1
Bxh3 29. Kxh3 Qc8+ 30. Kh2 Ng4+ 31. Kg2 e4 32. Nxf4 exf3+ 33. Kxf3 Be5 34. c5 b5
35. Re4 Nf6 36. Ree1 Qg4+ 37. Kg2 Bxf4 38. Qxf4 Qxf4 39. gxf4 Nd5 40. Rxe8 Rxe8
41. f5 Kf7 42. Kf3 Re5 43. axb5 axb5 44. Ra1 Rxf5+ 45. Kg3 Nb4 46. Ra7+ Kg6 47.
Rd7 Rxc5 48. Kg4 h5+ 49. Kg3 Rd5 50. Re7 Rd3+ 51. f3 Rxb3 52. Re6+ Kf7 53. Re5
Nd5 54. Rxh5 b4 55. Rh7+ Kg6 56. Rh8 Rb1 57. Rc8 Rc1 58. Rb8 Rc4 59. Rg8+ Kf7
60. Rb8 Ne7 61. Rb7 Kf6 62. h5 Nf5+ 63. Kf2 Kg5 64. Ke2 Kxh5 65. Kd3 Rc3+ 66.
Kd2 c5 0-1

[Event "Chess Stars 5.0 Blitz"]
[Site "Moscow RUS"]
[Date "2025.06.30"]
[Round "18.2"]
[White "Radjabov, Teimour"]
[Black "Hou, Yifan"]
[Result "1-0"]
[WhiteTitle "GM"]
[BlackTitle "GM"]
[WhiteElo "2692"]
[BlackElo "2633"]
[WhiteFideId "13400924"]
[BlackFideId "8602980"]
[EventDate "2025.06.29"]

1. e4 c5 2. Nf3 d6 3. Bc4 Nc6 4. d3 e6 5. O-O Nf6 6. c3 Be7 7. Re1 a6 8. a4 O-O
9. Nbd2 b6 10. Nf1 Bb7 11. Bf4 Nh5 12. Be3 d5 13. exd5 exd5 14. Ba2 Nf6 15. Ng3
Qd7 16. Qd2 Rad8 17. Bg5 h6 18. Bxh6 gxh6 19. Qxh6 Nh7 20. d4 Qd6 21. Qd2 Bc8
22. Bb1 Bg4 23. Ne5 Nxe5 24. dxe5 Qc6 25. Qf4 Bc8 26. Nh5 Kh8 27. Nf6 Rg8 28.
Qh6 Rg7 29. Bxh7 Bxf6 30. Bc2+ Kg8 31. exf6 1-0